Evenings near the village of Dikanka. (Record no. 529498)
[ view plain ]
| 000 -LEADER | |
|---|---|
| fixed length control field | 00862cam a22002651 4500 |
| 001 - CONTROL NUMBER | |
| control field | 9362721 |
| 003 - CONTROL NUMBER IDENTIFIER | |
| control field | NUST |
| 005 - DATE AND TIME OF LATEST TRANSACTION | |
| control field | 20190926154402.0 |
| 008 - FIXED-LENGTH DATA ELEMENTS--GENERAL INFORMATION | |
| fixed length control field | 750305s1960 nyua 000 1 eng |
| 010 ## - LIBRARY OF CONGRESS CONTROL NUMBER | |
| LC control number | 60013980 |
| 035 ## - SYSTEM CONTROL NUMBER | |
| System control number | (OCoLC)1201440 |
| 038 ## - RECORD CONTENT LICENSOR | |
| Staff Name | Muhammad Ibrahim |
| 040 ## - CATALOGING SOURCE | |
| Original cataloging agency | DLC |
| Transcribing agency | OTU |
| Modifying agency | OCoLC |
| -- | DLC |
| 041 1# - LANGUAGE CODE | |
| Language code of text/sound track or separate title | eng |
| Language code of original | rus |
| 042 ## - AUTHENTICATION CODE | |
| Authentication code | premarc |
| 050 00 - LIBRARY OF CONGRESS CALL NUMBER | |
| Classification number | PZ3.G558 |
| Item number | Es |
| 082 ## - DEWEY DECIMAL CLASSIFICATION NUMBER | |
| Classification number | 891.733 |
| Author Mark | GOL 1957 |
| 100 1# - MAIN ENTRY--PERSONAL NAME | |
| Personal name | Gogolʹ, Nikolaĭ Vasilʹevich, |
| Dates associated with a name | 1809-1852. |
| 9 (RLIN) | 21681 |
| 245 10 - TITLE STATEMENT | |
| Title | Evenings near the village of Dikanka. |
| Statement of responsibility, etc. | Stories edited by Rudi Panko. [Translated by Ovid Gorchakov] |
| 260 ## - PUBLICATION, DISTRIBUTION, ETC. | |
| Place of publication, distribution, etc. | Moscow |
| Name of publisher, distributor, etc. | Foreign Languages Pub. House |
| Date of publication, distribution, etc. | 1957 |
| 300 ## - PHYSICAL DESCRIPTION | |
| Extent | 276 p. |
| Other physical details | illus. |
| Dimensions | 21 cm. |
| 500 ## - GENERAL NOTE | |
| General note | Translation of Vechera na khutore bliz Dikanʹki (transliterated) |
| 906 ## - LOCAL DATA ELEMENT F, LDF (RLIN) | |
| a | 7 |
| b | cbc |
| c | oclcrpl |
| d | u |
| e | ncip |
| f | 19 |
| g | y-gencatlg |
| 942 ## - ADDED ENTRY ELEMENTS (KOHA) | |
| Source of classification or shelving scheme | |
| Koha item type | Book |
| Withdrawn status | Lost status | Source of classification or shelving scheme | Damaged status | Not for loan | Permanent Location | Current Location | Shelving location | Date acquired | Total Checkouts | Full call number | Barcode | Date last seen | Price effective from | Koha item type |
|---|---|---|---|---|---|---|---|---|---|---|---|---|---|---|
| Centre for International Peace & Stability (CIPS) | Centre for International Peace & Stability (CIPS) | General Stacks | 09/26/2019 | 891.733 GOL 1957 | CIPSD0000545 | 09/26/2019 | 09/26/2019 | Book |
